000 01322nam a2200241 i 4500
001 164755
003 ES-MaACL
005 20250720042725.0
008 970610m18631864sp a |||| | spa d
100 1 _aNenclares, Eustaquio María de.
_9130440
245 1 0 _aSantoral español o Colección de biografías de todos los santos nacidos en España :
_barreglado por meses en forma de año cristiano /
_credactado por conocidos y competentes escritores, cuyos nombres van al frente del mes que cada uno ha escrito ; publicado por D. Manuel Arroita y Gómez, editor.
246 3 _aColección de biografías de todos los santos nacidos en España
260 _aMadrid :
_b[s.n.],
_c1863-1864 (
_fImp. de la Regeneración, a cargo de D.F. Gamayo)
300 _a2 v. (742, VII p., [12] h. de lám. ; 754, VIII p., [8] h. de lám.) ;
_c22 cm.
530 _aDisponible en formato digital.
594 _aLos nombres de los autores constan en el encabezamiento de cada mes
650 4 _aSantos-
_xBiografías
_916988
700 1 _aArroita y Gómez, Manuel.
_9125723
700 1 _aLópez González, Antonio.
_9174591
852 4 _aES-MaACL
_jD-3448-49
_z- Enc. hol.
856 4 _uhttps://bibliotecadigital.jcyl.es/es/consulta/registro.do?id=18894
_zBiblioteca Digital de Castilla y León
999 _c164755
_d164755